00391nam a2200121Ia 4500008004100000020001800041100001800059245008000077260003700157440001700194650001700211856004100228171212s9999 xx 000 0 und d a9789089647535 aWaugh, Thomas cWaugh, ThomasaThe Conscience of CinemabThe works of Joris Ivens 1926-1989 bAmsterdam University Pressc2016 aFraming Film aFilm Studies uhttp://jstor.org/stable/j.ctt1kft8nj